The Propagation of radio waves. (Record no. 7331)
[ view plain ]
| 000 -LEADER | |
|---|---|
| fixed length control field | 00642nam a22001937a 4500 |
| 003 - CONTROL NUMBER IDENTIFIER | |
| control field | OSt |
| 005 - DATE AND TIME OF LATEST TRANSACTION | |
| control field | 20211005115422.0 |
| 008 - FIXED-LENGTH DATA ELEMENTS--GENERAL INFORMATION | |
| fixed length control field | 211005b ||||| |||| 00| 0 eng d |
| 020 ## - INTERNATIONAL STANDARD BOOK NUMBER | |
| International Standard Book Number | 0521369525 |
| 040 ## - CATALOGING SOURCE | |
| Transcribing agency | DDC |
| 082 ## - DEWEY DECIMAL CLASSIFICATION NUMBER | |
| Classification number | 621.38411BUD 1985 |
| 100 ## - MAIN ENTRY--PERSONAL NAME | |
| Personal name | Budden K.G.; |
| 9 (RLIN) | 15024 |
| 245 ## - TITLE STATEMENT | |
| Title | The Propagation of radio waves. |
| Remainder of title | The theory of radio waves of low power in the ionosphere and magnetosphere. |
| Statement of responsibility, etc. | Edited by Budden K.G.; |
| 260 ## - PUBLICATION, DISTRIBUTION, ETC. (IMPRINT) | |
| Place of publication, distribution, etc. | Australia. |
| Name of publisher, distributor, etc. | Cambridge University Press. |
| Date of publication, distribution, etc. | 1985. |
| 300 ## - PHYSICAL DESCRIPTION | |
| Extent | xvi,669p; |
| Other physical details | ill; |
| Dimensions | 25cm. |
| 504 ## - BIBLIOGRAPHY, ETC. NOTE | |
| Bibliography, etc | Includes;Bibliography references and Index. |
| 650 ## - SUBJECT ADDED ENTRY--TOPICAL TERM | |
| Topical term or geographic name as entry element | Engineering. |
| 9 (RLIN) | 373 |
| 942 ## - ADDED ENTRY ELEMENTS (KOHA) | |
| Source of classification or shelving scheme | Dewey Decimal Classification |
| Koha item type | Open Shelf |
| Withdrawn status | Lost status | Source of classification or shelving scheme | Damaged status | Not for loan | Home library | Current library | Date acquired | Source of acquisition | Inventory number | Total Checkouts | Full call number | Barcode | Date last seen | Price effective from | Koha item type |
|---|---|---|---|---|---|---|---|---|---|---|---|---|---|---|---|
| Dewey Decimal Classification | MUST Main Library | MUST Main Library | 05/10/2021 | Purchase | 06/26697 | 621.38411BUD 1985 | 2021-1403 | 05/10/2021 | 05/10/2021 | Open Shelf | |||||
| Dewey Decimal Classification | MUST Main Library | MUST Main Library | 05/10/2021 | Purchase | 05/24461 | 621.3841.1BUD 1988 | 2021-1404 | 05/10/2021 | 05/10/2021 | Open Shelf | |||||
| Dewey Decimal Classification | MUST Main Library | MUST Main Library | 05/10/2021 | Purchase | 04/20967 | 621.384BUD 1985 | 2021-1405 | 05/10/2021 | 05/10/2021 | Open Shelf | |||||
| Dewey Decimal Classification | MUST Main Library | MUST Main Library | 05/10/2021 | Purchase | 06/26699 | 621.38411BUD 1985 | 2021-1406 | 05/10/2021 | 05/10/2021 | Open Shelf | |||||
| Dewey Decimal Classification | MUST Main Library | MUST Main Library | 05/10/2021 | Purchase | 04/20966 | 621.384BUD 1985 | 2021-1407 | 05/10/2021 | 05/10/2021 | Open Shelf | |||||
| Other/Generic Classification Scheme | MUST Main Library | MUST Main Library | 23/10/2024 | Purchase | 04/22847 | 621.38411BUD 1985 | 2024-22521 | 23/10/2024 | 23/10/2024 | Book Bank |
